Surnoms des Sportifs Français - Statistiques

Statistiques générales
  • Ce quiz a été pris 218 fois
    217 depuis la dernière actualisation
  • Le résultat moyen est 5 sur 15
Statistiques - réponses
Le Surnom Le/La Sporti(ve)f % Correct
La gazelle Marie-José Pérec
62%
Le blaireau Bernard Hinault
57%
Le président Laurent Blanc
55%
The king Éric Cantona
50%
La guêpe Laura Flessel
50%
Caveman / L'anesthésiste Sébastien Chabal
47%
Le professeur Alain Prost
41%
The snake Youri Djorkaeff
38%
Casque d'or Jean-Pierre Rives
31%
L'éclair blanc Christophe Lemaître
29%
Le bombardier marocain Marcel Cerdan
23%
Le squale Yannick Agnel
8%
Le roi Jean Jean Le Cam
6%
Air France Mickaël Piétrus
4%
Le magicien Fabrice Santoro
2%
Aucun quiz correspondant
Distribution des résultats
% des personnes avec chaque résultat
Percentile par nombre de réponses
Votre historique - résultats
Vous n’avez pas pris ce quiz depuis la dernière actualisation